LDR 00812naa#a2200217#i#450# 001 EN\\bibl\120627 005 20260630112536.2 011 ## _a2077-7566 100 ## _a20260629b2026####ek#y0engy0150####ca 101 0# _aRUS 102 ## _aRU 200 1# _aPOST-IMPLANTATION COMPLICATIONS IN PATIENTS WITH CHRONIC HEART FAILURE _eJournal article 210 1# _aEkaterinburg _cTIRAZH Publishing House _d2026 215 ## _a8 с. 608 ## _aJournal article _2local 675 ## _aХирургия зубов. Оперативная техника. Хирургическая одонтология. 616.314-089 _zRUS 686 ## _aКлиническая медицина. 76.29 _2grnti 700 #1 _aRemizova _gAnna Aleksandrovna 700 #1 _aKesaeva _gGalina Aytegovna 700 #1 _aDzagurova _gLarisa Abisalovna 856 4# _adental-press.ru _u